000 00401nam a2200157Ia 4500
008 230312s9999||||xx |||||||||||||| ||und||
020 _a0-672-22660
082 _a005.13
_bLAF-T
100 _aRobert Lafore
245 0 _aWaite Group's Turbo C
260 _bSAMS
_aUSA
_c1990
300 _a794
546 _aEng.
650 _acomputer
_vTurbo c PROGRAMMING Environment, C Building Blocks
942 _cBK
999 _c3152
_d3152